[Event "Robecchetto op-C 25th"]
[Site "Robecchetto"]
[Date "2014.12.29"]
[Round "6"]
[White "Colombo, Abner"]
[Black "Tonello, Bruno"]
[Result "1-0"]
[WhiteElo "1307"]
[BlackElo "1383"]
[PlyCount "115"]
[EventDate "2014.12.26"]
[EventType "swiss"]
[EventRounds "6"]
[EventCountry "ITA"]
[SourceTitle "EXT 2024"]
[Source "ChessBase"]
[SourceDate "2023.10.10"]
[SourceVersion "1"]
[SourceVersionDate "2023.10.10"]
[SourceQuality "1"]

1. e4 e5 2. Nf3 Nc6 3. d4 exd4 4. Nxd4 d6 5. Bc4 Ne5 6. Bb3 Be7 7. h3 Nf6 8. Nc3 Bd7 9. Qe2 a6 10. f4 Nc6 11. Qc4 0-0 12. Be3 Nxd4 13. Bxd4 Be6 14. Nd5 c6 15. Nxe7+ Qxe7 16. Qe2 Bxb3 17. axb3 Qxe4 18. Qxe4 Nxe4 19. 0-0-0 c5 20. Be3 Rad8 21. Rhe1 Rfe8 22. g4 b6 23. h4 d5 24. c3 a5 25. g5 f6 26. f5 Re5 27. Bf4 Rxf5 28. Rxe4 fxg5 29. hxg5 Rdf8 30. Re6 Rxf4 31. Rxb6 R8f5 32. Rb5 Rxg5 33. Rxc5 h6 34. Rxa5 Rf2 35. b4 Rgg2 36. b5 Rc2+ 37. Kb1 Rxb2+ 38. Ka1 Rbc2 39. b6 Rxc3 40. Ra8+ Kh7 41. b7 Rb3 42. b8Q Rxb8 43. Rxb8 Rg5 44. Rd8 h5 45. Kb2 Rg2+ 46. Kc3 Rg3+ 47. Kd4 Rg5 48. Rxd5 Rxd5+ 49. Kxd5 Kh6 50. Ke4 g6 51. Kf3 Kg5 52. Rd5+ Kh6 53. Kf4 Kg7 54. Kg5 Kf7 55. Ra5 Kg7 56. Ra7+ Kg8 57. Kxg6 h4 58. Ra8# 1-0